000 00337nam a2200133Ia 4500
008 230516s9999 xx 000 0 und d
041 _aeng
082 _a612.015/GUP
100 _aGUPTA R.C.
245 _aPRACTICAL BIOCHEMISTRY AND CLINICAL PATHOLOGY
260 _bCBS Publication
_c2014
300 _a245
650 _aBIOCHEMISTRY
999 _c393083
_d393083